00595nam a22002057a 450000500170000000800410001702000180005804000210007604100080009708200130010510000320011824500850015025000120023526000330024730000100028065000180029065000290030865000210033770000310035820230828163058.0230828b ||||| |||| 00| 0 eng d a9789358490121 aIN-DiNCcIN-DiNC deng a301bBHU aBhuyan, Dilip Kumareauthor aSociological perspectives (Minor1)/cby Dilip Kumar Bhuyan and Moushumi Bordoloi a1st ed. aDibrugarh:bBanalata,c2023. a176p. aFunctionalism aInterpretative sociology aInteractionalism aBordoloi, Moushumieauthor